000 00986cad a22002055a 4500
001 E153381
008 110719e20110706xxk 000 0 eng d
035 _a(Sirsi) u153381
041 0 _aeng
110 2 _aRoyal Institution of Chartered Surveyors
_bScotland
_93082
245 0 0 _aScots make their homes more "saleable"
_h[electronic resource]
260 _c2011
490 _aRICS Scotland News Release
_v6 July 2011
520 _aResearch carried out by RICS Scotland suggests that a quarter of sellers make improvements to their home before commissioning a home report as part of the sales process. Improvements undertaken include finishing DIY projects and clearing guttering.
590 _aKA
651 4 _aScotland
_y1999-
690 _aPROPERTY-RESIDENTIAL PROPERTY-ACQUISITION AND DISPOSAL OF RESIDENTIAL PROPERTY
856 4 0 _uhttps://www.rics.org/site/scripts/press_article.aspx?pressreleaseID=554&categoryID=487
_zView the item free of charge at www.rics.org
942 _n0
999 _c83271
_d83271